Dr. Szent-Györgyi Albert szegedi egyetemi tanár, a vitamin-kutatás világhírű tudósa kapta az idei orvosi Nobel-díjat
Szent-Györgyi, a Nobel-díjas magyar tudós; Szent-Györgyi Albert nyilatkozik a Pesti Hírlapnak; Hóman Bálint közoktatásügyi miniszter nyilatkozata; „Kívánatos volna, hogy a budapesti egyetemen modern életvegytani tanszéket létesítsenek és annak vezetésével Szent-Györgyi Albertet bízzák meg” [Darányi...
Elmentve itt :
| Dokumentumtípus: | Cikk |
|---|---|
| Megjelent: |
1937-10-29
|
| Sorozat: | Pesti Hirlap
59 No. 246 |
| Kulcsszavak: | Hóman Bálint, Demény Károly, Darányi Gyula,Pálfy József, Nobel-díj összege, C-vitamin, Szent-Györgyi Albert, Svenska Dagbladet, borostyánkősav |
| Online Access: | http://misc.bibl.u-szeged.hu/72050 |
| LEADER | 01488nab a2200181 i 4500 | ||
|---|---|---|---|
| 001 | misc72050 | ||
| 005 | 20231222131434.0 | ||
| 008 | 231222s1937 hu o 000 hun d | ||
| 040 | |a SZTE Miscellanea Repozitórium |b hun | ||
| 041 | |a hun | ||
| 245 | 0 | 0 | |a Dr. Szent-Györgyi Albert szegedi egyetemi tanár, a vitamin-kutatás világhírű tudósa kapta az idei orvosi Nobel-díjat |h [elektronikus dokumentum] |
| 260 | |c 1937-10-29 | ||
| 300 | |a 1-2 | ||
| 490 | 0 | |a Pesti Hirlap |v 59 No. 246 | |
| 520 | 3 | |a Szent-Györgyi, a Nobel-díjas magyar tudós; Szent-Györgyi Albert nyilatkozik a Pesti Hírlapnak; Hóman Bálint közoktatásügyi miniszter nyilatkozata; „Kívánatos volna, hogy a budapesti egyetemen modern életvegytani tanszéket létesítsenek és annak vezetésével Szent-Györgyi Albertet bízzák meg” [Darányi Gyula, a Pázmány Péter Tudományegyetem élettani intézetének igazgatója nyilatkozik]; Demény államtitkár és neje a vejükről; Mit mond a szegedi polgármester?; Hogyan oldotta meg Szent-Györgyi Albert a C-vitamin rejtélyét?; Szent-Györgyi Albert pályafutása; A Nobel-díj összege 158.463 svéd korona; Beszélgetés a Svenska Dagbladet-tel | |
| 561 | |a Szent-Györgyi Albertről szóló irodalom | ||
| 695 | |a Hóman Bálint, Demény Károly, Darányi Gyula,Pálfy József, Nobel-díj összege, C-vitamin, Szent-Györgyi Albert, Svenska Dagbladet, borostyánkősav | ||
| 856 | 4 | 0 | |u http://misc.bibl.u-szeged.hu/72050/1/szgya_1937_023_001.pdf |z Dokumentum-elérés |